Issues in Public Affairs Vol. iv (Record no. 2446)

MARC details
000 -LEADER
fixed length control field 00337nam a22001337a 4500
008 - FIXED-LENGTH DATA ELEMENTS--GENERAL INFORMATION
fixed length control field 250318b |||||||| |||| 00| 0 eng d
020 ## - INTERNATIONAL STANDARD BOOK NUMBER
ISBN 9788127576
100 ## - MAIN ENTRY--AUTHOR
Author ADELOWO, E. Dada
245 ## - TITLE STATEMENT
Title Issues in Public Affairs Vol. iv
260 ## - PUBLICATION, DISTRIBUTION, ETC. (IMPRINT)
Place of publication Lagos
Name of publisher Heritage Publishers
Date of publication 2007
300 ## - COLLATION
Pagination xii, 269p.
942 ## - ADDED ENTRY ELEMENTS (KOHA)
Item type Books
050 ## - LIBRARY OF CONGRESS CALL NUMBER
Classification number JA261
Item number A34
Holdings
Source of classification or shelving scheme Not for loan Permanent location Current location Date acquired Accession No. Full call number Barcode. Koha item type
Library of Congress Classification   Samuel Ogbemudia Main Library, University of Abuja Samuel Ogbemudia Main Library, University of Abuja 03/18/2025 2011/40727 JA261.A34 2025-0715 Books
Library of Congress Classification   Samuel Ogbemudia Main Library, University of Abuja Samuel Ogbemudia Main Library, University of Abuja 02/26/2024 2011/40725 JA 281.A34 2025-1425 Books
Library of Congress Classification   Samuel Ogbemudia Main Library, University of Abuja Samuel Ogbemudia Main Library, University of Abuja 04/16/2025 2011/40726 JA 281.A34 2025-1432 Books